<?xml version="1.0" encoding="utf-8"?>
<?xml-stylesheet type='text/xsl' href='./oai2.xsl'?>
<OAI-PMH xmlns="http://www.openarchives.org/OAI/2.0/" xmlns:xsi="http://www.w3.org/2001/XMLSchema-instance" xsi:schemaLocation="http://www.openarchives.org/OAI/2.0/ http://www.openarchives.org/OAI/2.0/OAI-PMH.xsd">
  <responseDate>2026-06-05T22:17:26Z</responseDate>
  <request verb="GetRecord" metadataPrefix="marcxml" identifier="record_kuniweb_1114579">https://kulturerbe.niedersachsen.de/oai</request>
  <GetRecord>
    <record>
      <header>
        <identifier>record_kuniweb_1114579</identifier>
        <datestamp>2021-09-20T08:38:15Z</datestamp>
        <setSpec>slg0199</setSpec>
      </header>
      <metadata>
        <marc:record xmlns:marc="http://www.loc.gov/MARC21/slim" xsi:schemaLocation="http://www.loc.gov/MARC21/slim http://www.loc.gov/standards/marcxml/schema/MARC21slim.xsd">
          <marc:leader>12345nrm  22     uu 4500</marc:leader>
          <marc:controlfield tag="001">1114579</marc:controlfield>
          <marc:controlfield tag="003">http://kuniweb.gbv.de</marc:controlfield>
          <marc:controlfield tag="005">2019-05-25T08:44:03</marc:controlfield>
          <marc:controlfield tag="008">|           ||||||||||||||||||||||</marc:controlfield>
          <marc:datafield tag="245" ind1="1" ind2="0">
            <marc:subfield code="a">Hanschen, Geistlicher</marc:subfield>
          </marc:datafield>
          <marc:datafield tag="700" ind1="1" ind2=" ">
            <marc:subfield code="a">Hanschen</marc:subfield>
            <marc:subfield code="d">* 1893 † 1983</marc:subfield>
            <marc:subfield code="e">Bildhauer</marc:subfield>
          </marc:datafield>
          <marc:datafield tag="655" ind1=" " ind2="7">
            <marc:subfield code="a">Skulptur</marc:subfield>
          </marc:datafield>
          <marc:datafield tag="046" ind1=" " ind2=" ">
            <marc:subfield code="k">1980</marc:subfield>
            <marc:subfield code="k">ca. 1980</marc:subfield>
          </marc:datafield>
          <marc:datafield tag="260" ind1=" " ind2=" ">
            <marc:subfield code="g">1980</marc:subfield>
            <marc:subfield code="g">ca. 1980</marc:subfield>
          </marc:datafield>
          <marc:datafield tag="300" ind1=" " ind2=" ">
            <marc:subfield code="a">Durchmesser: 9,8 cm
Höhe: 29,5 cm</marc:subfield>
          </marc:datafield>
          <marc:datafield tag="520" ind1=" " ind2=" ">
            <marc:subfield code="a">Hinrich Hanschen (1883-1973) Bildhauer/Autodidakt, wurde in Worpswede geboren und ist ein Sohn der von Fritz Mackensen gemalten, berühmten „Moormadonna“, (Der Säugling, 1892, Kunsthalle Bremen).
Er hat auf diese Herkunft ein Leben lang hingewiesen, sie ist auch auf seinem Grabstein auf dem Friedhof Altglienicke in Berlin zu lesen. Nach dem Ersten Weltkrieg ging Hanschen nach Berlin, wo er in seinem erlernten Beruf als Maurer und Stuckateur abeitete. Durch einen Arbeitsunfall wurde er berufsunfähig und widmete sich fortan seinem Hobby, dem Holzschnitzen, dazu wurde er von dem Bildhauer Werner Stötzer ermuntert. Die meisten seiner naiven Darstellungen entstanden aus naturgewachsenen Rundhölzern.
Zu seinem 80. Geburtstag ehrte ihn das „Märkische Museum“ in Berlin mit einer Ausstellung seiner Werke. (Groth, Die Käseglocke in Worpswede)

Beschrieben in:
P. Groth, „Die Käseglocke in Worpswede : Baudenkmal und Museum für Worpsweder Möbel und Kunsthandwerk“. Freunde Worpswedes, Worpswede, 2013.</marc:subfield>
          </marc:datafield>
          <marc:datafield tag="650" ind1="1" ind2=" ">
            <marc:subfield code="a">Bildwerk</marc:subfield>
          </marc:datafield>
          <marc:datafield tag="650" ind1="1" ind2=" ">
            <marc:subfield code="a">Bildwerke/Bildende Kunst</marc:subfield>
          </marc:datafield>
          <marc:datafield tag="773" ind1="0" ind2=" ">
            <marc:subfield code="t">Sammlung Käseglocke</marc:subfield>
          </marc:datafield>
          <marc:datafield tag="852" ind1=" " ind2=" ">
            <marc:subfield code="a">Käseglocke Worpswede</marc:subfield>
          </marc:datafield>
          <marc:datafield tag="852" ind1=" " ind2=" ">
            <marc:subfield code="a">Berlin (Berlin)</marc:subfield>
          </marc:datafield>
          <marc:datafield tag="" ind1=" " ind2=" ">
            <marc:subfield code="a">Namensnennung - Nicht kommerziell - Keine Bearbeitungen 4.0 International (CC BY-NC-ND 4.0)</marc:subfield>
          </marc:datafield>
        </marc:record>
      </metadata>
    </record>
  </GetRecord>
</OAI-PMH>
